Statistics for Restaurant Mascots

Click here to take the quiz!

General Stats

  • This quiz has been taken 16 times
  • The average score is 6 of 20

Answer Stats

Answer% Correct
Ronald McDonald
100%
Grimace
73%
Little Caesar
73%
Hamburgler
64%
Colonel Sanders
55%
The Burger King
55%
Noid
36%
Chuck E. Cheese
27%
Pizza Pete
27%
Big Boy
9%
Blimpie Bear
9%
Doodles
9%
Fudgie the Whale
9%
Gidget
9%
Jack Box
9%
Melinda Lou
9%
Sprinkles
9%
Whataguy
9%
Churchie the Chicken
0%
Frankster
0%

Score Distribution

Percentile by Number Answered

Percent of People with Each Score

Your Score History

You have not taken this quiz